Ricostruisci la Carriera del Calciatore - Abdou Diallo - Statistics

Statistiche generali
  • Questo quiz è stato fatto 22 volte
  • Il punteggio medio è 2 su 8
Statistiche sulle risposte
Hint Risposta % Corretto
2023- Al-Arabi
69%
2022-2023 → RB Lipsia
44%
2019-2022 Paris Saint-Germain
38%
2016-2017 Monaco
31%
2017-2018 Magonza
25%
2018-2019 Borussia Dortmund
19%
2015-2016 Zulte Waregem
19%
2014-2015 Monaco
0%
Nessun quiz corrispondente trovato
Distribuzione punteggi
Percentuale di utenti per punteggio
Percentile per numero di risposta
I tuoi punteggi nel tempo
Non hai fatto questo quiz